| 000 | 00916nam a2200313 4500 | ||
|---|---|---|---|
| 001 | 0422269 | ||
| 003 | DO-SdBPM | ||
| 005 | 20250411090625.0 | ||
| 007 | 0422269 | ||
| 008 | 941110r 1992 sp | |||| ||spa | ||
| 017 |
_a _b |
||
| 020 | _a8434814617 | ||
| 035 | _a | ||
| 040 |
_aDO-SdBPM _bspa _cBPMSU _e |
||
| 082 | 4 |
_a863.6 _bM425b 1992 _222 |
|
| 100 | 1 |
_aMateos, Pilar, _d1942- |
|
| 245 | 1 | 3 |
_aLa bruja Mon / _cPilar Mateos ; ilustraciones de Viví Escrivá _h |
| 250 | _a | ||
| 260 |
_aMadrid : _bEditorial SM, _c1992 |
||
| 300 |
_a63 p. : _bil. ; _c20 cm. |
||
| 490 | 0 |
_aEl barco de vapor ; _aBlanca, _v9 |
|
| 586 | _a"Premio Lazarillo 1982" | ||
| 590 | _aInventariado, 2025/VM | ||
| 650 | 4 | _aCuentos infantiles españoles | |
| 650 | 4 | _aLiteratura infantil española | |
| 700 | 1 |
_aEscrivá, Viví, _d1939- _eilustración |
|
| 910 | _aVMateo V. Control de calid BPMSU | ||
| 942 |
_2ddc _cBK |
||
| 999 |
_c8939 _d8939 |
||